Online
Catalog

Albéniz / (Record no. 15619)

MARC details
000 -CABECERA
campo de control de longitud fija 01085cam a2200325 a 4500
001 - NÚMERO DE CONTROL
campo de control 000016078
003 - IDENTIFICADOR DEL NÚMERO DE CONTROL
campo de control OSt
005 - FECHA Y HORA DE LA ÚLTIMA TRANSACCIÓN
campo de control 20200929164250.0
008 - DATOS DE LONGITUD FIJA--INFORMACIÓN GENERAL
campo de control de longitud fija 900108s1978 sp a 000 0bspa
010 ## - NÚMERO DE CONTROL DE LA BIBLIOTECA DEL CONGRESO
Número de control de LC 90101945
020 ## - NÚMERO INTERNACIONAL ESTÁNDAR DEL LIBRO
Número Internacional Estándar del Libro 8423953300
040 ## - FUENTE DE LA CATALOGACIÓN
Centro catalogador/agencia de origen DO-SdBNP
Lengua de catalogación spa
Centro/agencia transcriptor BNPHU
082 ## - NÚMERO DE LA CLASIFICACIÓN DECIMAL DEWEY
Número de clasificación 927.46
Número de documento/Ítem A328G
100 1# - ENTRADA PRINCIPAL--NOMBRE DE PERSONA
Nombre de persona Gauthier, André,
Fechas asociadas al nombre 1915-1994
9 (RLIN) 36057
245 10 - MENCIÓN DE TÍTULO
Título Albéniz /
Mención de responsabilidad, etc. André Gauthier ; traducción del francés por Felipe Ximénez de Sandoval.
260 ## - PUBLICACIÓN, DISTRIBUCIÓN, ETC.
Lugar de publicación, distribución, etc. Madrid, España :
Nombre del editor, distribuidor, etc. Espasa-Calpe,
Fecha de publicación, distribución, etc. 1978.
300 ## - DESCRIPCIÓN FÍSICA
Extensión 123 p. :
Otras características físicas il. ;
Dimensiones 18 cm.
490 1# - MENCIÓN DE SERIE
Mención de serie Clásicos de la música
500 ## - NOTA GENERAL
Nota general Incluye notas a pie de páginas
504 ## - NOTA DE BIBLIOGRAFÍA, ETC.
Nota de bibliografía, etc. Bibliografia p: 126
504 ## - NOTA DE BIBLIOGRAFÍA, ETC.
Nota de bibliografía, etc. Incluye discografía : p. [125].
504 ## - NOTA DE BIBLIOGRAFÍA, ETC.
Nota de bibliografía, etc. Incluye referencias bibliográficas: (p. [126]).
590 ## - NOTA LOCAL (RLIN)
Nota local Inventariado, 2020/ YL
600 10 - PUNTO DE ACCESO ADICIONAL DE MATERIA--NOMBRE DE PERSONA
Nombre de persona ALBÉNIZ, ISAAC,
Fechas asociadas al nombre 1860-1909.
9 (RLIN) 970
650 #4 - PUNTO DE ACCESO ADICIONAL DE MATERIA--TÉRMINO DE MATERIA
Término de materia o nombre geográfico como elemento de entrada Compositores
Subdivisión geográfica España
Subdivisión general Biografía
9 (RLIN) 36058
700 1# - PUNTO DE ACCESO ADICIONAL--NOMBRE DE PERSONA
Nombre de persona Ximénez de Sandoval, Felipe
Término indicativo de función/relación tr.
9 (RLIN) 19335
830 ## - PUNTO DE ACCESO ADICIONAL DE SERIE-TÍTULO UNIFORME
Título uniforme Clásicos de la música
9 (RLIN) 33880
910 ## - DATOS DE OPCIÓN DEL USUARIO (OCLC)
Datos de opción del usuario En proceso
942 ## - ELEMENTOS DE PUNTO DE ACCESO ADICIONAL (KOHA)
Fuente del sistema de clasificación o colocación Dewey Decimal Classification
Tipo de ítem Koha Libros y folletos
Holdings
Estado de retiro Estado de pérdida Fuente del sistema de clasificación o colocación Restricciones de uso No para préstamo Código de colección Localización permanente Ubicación/localización actual Ubicación en estantería Fecha de adquisición Fuente de adquisición Número de inventario Total de préstamos Signatura topográfica completa Código de barras Fecha visto por última vez Precio válido a partir de Tipo de ítem Koha Número de copia
    Dewey Decimal Classification Préstamo interno   Monografías: Libros y Folletos General General En catalogación 24.02.2010 Compra Casa Cuello LF1   927.46 A328G 16078-10 25.06.2020 25.06.2020 Préstamo interno  
  Extraviado Dewey Decimal Classification   Excluido de préstamo Monografías: Libros y Folletos General General Extraviado 11.04.2017   LF1   927.46 A328G 16078-20 25.06.2020 25.06.2020 No se presta e. 2

Powered by Koha